| 000 | 00389nam a22001457a 4500 | ||
|---|---|---|---|
| 020 | _a70417000021209 | ||
| 082 |
_a894-812 _bSAT/L |
||
| 100 | _aSATHEESAN | ||
| 245 |
_aLOKA PRASASTHA VANITHAKAL _bWORLD FAMOUS LADIES |
||
| 246 |
_aLOKA PRASASTHA VANITHAKAL _bWORLD FAMOUS LADIES |
||
| 260 |
_aTHRISSUR _bH& C PUBLISHING _c2007 |
||
| 300 | _a48 | ||
| 520 | _aWORLD FAMOUS LADIES | ||
| 942 | _cBK | ||
| 999 |
_c1061 _d1061 |
||